00399 2200157 4500001002100000005001500021035002000036245006800056100002000124300001200144260003900156082000800195084001400203990001200217990001200229INLIS00000000000195220250522112733 a0010-05250002441 aPenelitian Tindakan Kelas /cProf. Dr. H. Mohammad Asrori, M.Pd0 aMohammad Asrori a165 hlm aJakarta :bCV. Wacana Prima,c2007 a370 a370 MOH p a0713494 a0713495